000 00461cam a2200193ua 4500
001 5954
008 131108n ii |||gr||||Z||||||eng
020 _a81-237-2542-6
040 _cMAIN
082 _a305.8
100 _aGuha Thakurta,S.N,
_eAuthor.
245 _aTripura
_cby S.N. Guha Thakurta
250 _a2nd.
_b2nd ed.
260 _aDelhi:
_bNational Book Trust,
_c1999.
300 _aix,145p.
653 _aSociology
653 _aTripura
942 _cBK
999 _c5108
_d5108